000 00282nam a2200109 a 4500
005 20201002044931.0
008 140404s1972 000 spa d
100 _aCaldoso, José
_971531
245 0 _aNoches lugubres.
260 _aMadrid -- Libra,
_c1972 -- 163 p.
999 _c43206
_d43206
040 _aDO-SdBNP